000 00231nam a22000857a 4500
008 160817b xxu||||| |||| 00| 0 eng d
100 _9166
_aJonathan Swift
245 _aGulliver's Travels
260 _aNew Delhi
_bGoodluck publication
_c2013
999 _c2824
_d2824